Reglamento para la Caja de Ahorros de la Província de Barcelona y para el Monte-pío Barcelonés agregado á la misma. Aprobado por Real Orden de 24 de Noviembre de 1853.
Descripción Física:
28 p. : 6 fulls ; 21 cm
MARC
| LEADER | 00000nam a2200000Ia 4500 | ||
|---|---|---|---|
| 001 | 17538 | ||
| 008 | 160829s1853 xx 000 0 cat d | ||
| 080 | |a RF-2-9 | ||
| 110 | 2 | |a Caja de Ahorros Provincial de la Diputación de Barcelona |9 53091 | |
| 245 | |a Reglamento para la Caja de Ahorros de la Província de Barcelona y para el Monte-pío Barcelonés agregado á la misma. Aprobado por Real Orden de 24 de Noviembre de 1853. | ||
| 260 | |a Barcelona : |b Librería de Estevan Pujal, |c 1853 | ||
| 300 | |a 28 p. : |b 6 fulls ; |c 21 cm | ||
| 590 | |a Prové de 378, exp. 2 | ||
| 650 | |a Caja de Ahorros de la Provincia de Barcelona |x Reglaments |9 46787 | ||
| 856 | 4 | |u https://media.diba.cat/diba/fitxers/arxiu/fulletons/bib_17538_1853_baixa.pdf |y Accés lliure | |
| 856 | 4 | |u https://media.diba.cat/diba/fitxers/arxiu/fulletons/bib_17538_1853_baixa.pdf |y Accés lliure | |
| 901 | |a Arxiu | ||
| 942 | |n 1 |2 udc | ||
| 952 | |0 0 |1 0 |4 0 |6 RF29 |7 1 |9 53450 |a Arxiu |b Arxiu |d 2016-12-01 |l 0 |o RF-2-9 |p 17538 |r 2016-12-01 00:00:00 |w 2016-12-01 |y ARXIU | ||
| 999 | |c 57316 |d 57316 | ||
| 900 | |a bib_17538_1853_baixa.pdf | ||